Инвестирование капитала в паевые фонды ведущих управляющих компаний России; Экономика и предпринимательство; № 4-1

Dettagli Bibliografici
Parent link:Экономика и предпринимательство: научный журнал.— , 2007-
№ 4-1.— 2015.— [С. 772-775]
Autore principale: Крицкий О. Л. Олег Леонидович
Ente Autore: Национальный исследовательский Томский политехнический университет Физико-технический институт Кафедра высшей математики и математической физики
Riassunto:Заглавие с экрана
Приведена методология формирования рисковых портфелей ПИФов ведущих УК РФ, состоящих из зарубежных и российских активов. Показано, что в течение 2014 года коллективное ин вестирование в ПИФы с использованием иностранных ценных бумаг, не допущенных к торгам на ММВБ, приносит более высокую прибыль, чем приобретение ПИФов российских ценных бумаг. Опреде лено, что коллективное инвестирование в диверсифицированные по соотношению риск/доходность паевые фонды является востребованной услугой на финансовом рынке.
A methodology of constructing of risky portfolious of different capital management companies, who are made of Russian and All-World assets, was shown. It is found that in 2014 mutual funds make a profit in All-World assets only. At the same time Russian assets decline their price. It is defined that collective investment into the share funds diversified on a ratio risk/profitability is demanded service in the financial market.
Режим доступа: по договору с организацией-держателем ресурса
Lingua:russo
Pubblicazione: 2015
Serie:Микроэкономика
Soggetti:
Accesso online:http://elibrary.ru/item.asp?id=23384868
Natura: MixedMaterials Elettronico Capitolo di libro
KOHA link:https://koha.lib.tpu.ru/cgi-bin/koha/opac-detail.pl?biblionumber=647858

MARC

LEADER 00000naa0a2200000 4500
001 647858
005 20250217144512.0
035 |a (RuTPU)RU\TPU\network\13015 
035 |a RU\TPU\network\11859 
090 |a 647858 
100 |a 20160426d2015 k||y0rusy50 ca 
101 0 |a rus 
102 |a RU 
135 |a drcn ---uucaa 
181 0 |a i  
182 0 |a b 
200 1 |a Инвестирование капитала в паевые фонды ведущих управляющих компаний России  |d Investing to Russian mutual funds of the most famous management companies  |f О. Л. Крицкий 
203 |a Текст  |c электронный 
225 1 |a Микроэкономика 
300 |a Заглавие с экрана 
320 |a [Библиогр.: 9 назв.] 
330 |a Приведена методология формирования рисковых портфелей ПИФов ведущих УК РФ, состоящих из зарубежных и российских активов. Показано, что в течение 2014 года коллективное ин вестирование в ПИФы с использованием иностранных ценных бумаг, не допущенных к торгам на ММВБ, приносит более высокую прибыль, чем приобретение ПИФов российских ценных бумаг. Опреде лено, что коллективное инвестирование в диверсифицированные по соотношению риск/доходность паевые фонды является востребованной услугой на финансовом рынке. 
330 |a A methodology of constructing of risky portfolious of different capital management companies, who are made of Russian and All-World assets, was shown. It is found that in 2014 mutual funds make a profit in All-World assets only. At the same time Russian assets decline their price. It is defined that collective investment into the share funds diversified on a ratio risk/profitability is demanded service in the financial market. 
333 |a Режим доступа: по договору с организацией-держателем ресурса 
461 |t Экономика и предпринимательство  |o научный журнал  |d 2007- 
463 |t № 4-1  |v [С. 772-775]  |d 2015 
510 1 |a Investing to Russian mutual funds of the most famous management companies  |z eng 
610 1 |a электронный ресурс 
610 1 |a труды учёных ТПУ 
610 1 |a ПИФ 
610 1 |a доверительное управление 
610 1 |a модель Марковица 
610 1 |a доходность 
610 1 |a ценные бумаги 
700 1 |a Крицкий  |b О. Л.  |c математик  |c доцент Томского политехнического университета, кандидат физико-математических наук  |f 1976-  |g Олег Леонидович  |3 (RuTPU)RU\TPU\pers\28123  |9 13081 
712 0 2 |a Национальный исследовательский Томский политехнический университет  |b Физико-технический институт  |b Кафедра высшей математики и математической физики  |3 (RuTPU)RU\TPU\col\18727  |9 27176 
801 2 |a RU  |b 63413507  |c 20160426  |g RCR 
856 4 |u http://elibrary.ru/item.asp?id=23384868 
942 |c CF